Chemical engineering data book (Record no. 36437)

000 -LEADER
fixed length control field 00504nam a22001931 4500
001 - CONTROL NUMBER
control field 36437
003 - CONTROL NUMBER IDENTIFIER
control field BD-DhUET
008 - FIXED-LENGTH DATA ELEMENTS--GENERAL INFORMATION
fixed length control field 871013s1958 enka 000 0 eng u
040 ## - CATALOGING SOURCE
Original cataloging agency DLC
Transcribing agency DLC
Modifying agency BD-DhUET
082 ## - DEWEY DECIMAL CLASSIFICATION NUMBER
Classification number 660.28
Item number ROS/1962
100 ## - MAIN ENTRY--PERSONAL NAME
Personal name Ross, T. K.
245 00 - TITLE STATEMENT
Title Chemical engineering data book
250 ## - EDITION STATEMENT
Edition statement 1st ed.
260 ## - PUBLICATION, DISTRIBUTION, ETC. (IMPRINT)
Place of publication, distribution, etc. London
Name of publisher, distributor, etc. Leonard Hill
Date of publication, distribution, etc. 1962
300 ## - PHYSICAL DESCRIPTION
Extent x,998p.
Other physical details ill.
Dimensions 22 cm.
650 #0 - SUBJECT ADDED ENTRY--TOPICAL TERM
Topical term or geographic name as entry element Chemical engineering-Data processing
700 1# - ADDED ENTRY--PERSONAL NAME
Personal name Freshwater, D. C.
942 ## - ADDED ENTRY ELEMENTS (KOHA)
Koha item type General Book
Holdings
Copy number Koha item type Sublocation or collection (holding branch) Piece designation (barcode) Shelving location Koha full call number Damaged status Withdrawn status Koha normalized classification for sorting Date acquired Source of classification or shelving scheme Koha date last seen Price effective from Not for loan Lost status Location (home branch)
1General BookCentral Library, BUET22468Reference section660.28/ROS/1962  660_280000000000000_ROS_19622016-01-07 2016-01-072016-01-07  Central Library, BUET
2General BookCentral Library, BUET22469Reference section660.28/ROS/1962  660_280000000000000_ROS_19622016-01-07 2016-01-072016-01-07  Central Library, BUET
3General BookCentral Library, BUET22474Reference section660.28/ROS/1962  660_280000000000000_ROS_19622016-01-07 2016-01-072016-01-07  Central Library, BUET
4General BookCentral Library, BUET22473Reference section660.28/ROS/1962  660_280000000000000_ROS_19622016-01-07 2016-01-072016-01-07  Central Library, BUET
5General BookCentral Library, BUET22470Reference section660.28/ROS/1962  660_280000000000000_ROS_19622016-01-07 2016-01-072016-01-07  Central Library, BUET
6General BookCentral Library, BUET22471Reference section660.28/ROS/1962  660_280000000000000_ROS_19622016-01-07 2016-01-072016-01-07  Central Library, BUET
7General BookCentral Library, BUET22475Reference section660.28/ROS/1962  660_280000000000000_ROS_19622016-01-07 2016-01-072016-01-07  Central Library, BUET
8General BookCentral Library, BUET12046Reference section660.28/ROS/1962  660_280000000000000_ROS_19622016-01-07 2016-01-072016-01-07  Central Library, BUET